|
|
|
|
| LEADER |
00000nta a2200000 i 4500 |
| 001 |
dolg23745 |
| 005 |
20200302164142.0 |
| 008 |
191203suuuu hu om 000 eng d |
| 040 |
|
|
|a BGE Dolgozattár Repozitórium
|b hun
|
| 041 |
|
|
|a en
|
| 100 |
1 |
|
|a Farkas Lukrécia
|
| 245 |
1 |
4 |
|a The role of blogging; Communication Strategy of minner.hu
|c Farkas Lukrécia
|h [elektronikus dokumentum]
|
| 246 |
1 |
1 |
|a Blogolás szerepe, minner.hu kommunikáció stratégiája
|
| 246 |
1 |
1 |
|a The role of blogging, Communication Strategy of minner.hu
|
| 695 |
|
|
|a Blog
|
| 695 |
|
|
|a Blogging
|
| 700 |
1 |
|
|a Merliot-Almássy Dr. Eszter
|e ths
|
| 856 |
4 |
0 |
|u http://dolgozattar.uni-bge.hu/23745/1/szakdolgozat-Lukr%C3%A9cia%20Farkas.pdf
|z Dokumentum-elérés
|